Competition policy : history, theory and practice (Record no. 134769)

MARC details
000 -LEADER
fixed length control field 00834nam a2200265Ia 4500
008 - FIXED-LENGTH DATA ELEMENTS--GENERAL INFORMATION
fixed length control field 191130s2001##################000#0#eng##
020 ## - INTERNATIONAL STANDARD BOOK NUMBER
ISBN 9781840643008
082 ## - DEWEY DECIMAL CLASSIFICATION NUMBER
Classification number 338.6048 NEU
100 ## - MAIN ENTRY--AUTHOR NAME
Personal name Neumann, Manfred
245 ## - TITLE STATEMENT
Title Competition policy : history, theory and practice
Statement of responsibility, etc Manfred Neumann
260 ## - PUBLICATION, DISTRIBUTION, ETC. (IMPRINT)
Place of publication Aldershot, Hants ; Brookfield, Vt
Name of publisher Edward Elgar Pub
Year of publication c2001
300 ## - PHYSICAL DESCRIPTION
Number of Pages x, 225 p. ; 24 cm
500 ## - GENERAL NOTE
General note Includes bibliographical references (p. 192-210) and index
650 ## - SUBJECT ADDED ENTRY--TOPICAL TERM
Topical Term Business cycles
Topical Term Competition
Topical Term Competition - Government policy
Topical Term Competition - History
Topical Term Competition, International
Topical Term Industrial policy
991 ## -
-- 170878
Holdings
Withdrawn status Lost status Damaged status Not for loan Home library Current library Shelving location Date acquired Full call number Accession Number Price effective from Koha item type
        Anna Centenary Library Anna Centenary Library 4TH FLOOR, A WING 12.10.2020 338.6048 NEU 359285 12.10.2020 English Books

Find us on the map